00291nam a2200121Ia 4500008004100000100002600041245002400067260002600091300000800117650002000125942000700145999001700152190216s9999||||xx |||||||||||||| ||und|| aBhaskaran Nair Chepad 0aShashthra Kouthugam bPoorna Pubs Kozhikode a154 aEssay Malayalam cBK c27172d27172